00328nam a22001097a 450000500170000000800410001710000260005824500480008425000110013226000490014330000260019220260218094656.0260218b |||||||| |||| 00| 0 eng d aRomer Sherwood Alfred aThe Vertebrate Bodyc/Alfred Sherwood Romer a2nd ed aPhiladelphia;bW. B. Saunders Company;c1955 aviii, 644p. illc24cm